[Event "Saint Louis Open"]
[Site "?"]
[Date "2010.04.10"]
[Round "3"]
[White "Criss, Nathaniel"]
[Black "Howe, Bob"]
[Result "1-0"]
[WhiteElo "1940"]
[BlackElo "1718"]
[PlyCount "51"]
[EventDate "2010.??.??"]
[SourceDate "2010.04.10"]

1. d4 d5 2. c4 dxc4 3. Nf3 Nf6 4. Nc3 a6 5. a4 c5 6. e4 e6 7. Bxc4 cxd4 8. Nxd4
Qc7 9. Qe2 Bc5 10. Nb3 Nbd7 11. Nxc5 Nxc5 12. e5 Nfd7 13. Bf4 Nb6 14. a5 Nxc4
15. Qxc4 Qe7 16. b4 Nd7 17. O-O O-O 18. Ne4 b5 19. Qb3 Bb7 20. Nd6 Bd5 21. Qg3
f6 22. Rfe1 fxe5 23. Bxe5 Nf6 24. Rac1 Ne8 25. Nxe8 Raxe8 26. Rc7 1-0

[Event "Saint Louis Open"]
[Site "?"]
[Date "2010.04.10"]
[Round "3"]
[White "Dushyanth, Reddivari"]
[Black "Brooks, Michael A"]
[Result "0-1"]
[WhiteElo "1954"]
[BlackElo "2442"]
[PlyCount "54"]
[EventDate "2010.??.??"]
[SourceDate "2010.04.10"]

1. d4 Nf6 2. c4 e6 3. Nc3 Bb4 4. Nf3 c5 5. e3 b6 6. Bd3 Bb7 7. O-O Bxc3 8. bxc3
d6 9. Re1 Nc6 10. a3 e5 11. Bc2 O-O 12. e4 Na5 13. Qe2 Re8 14. Bg5 h6 15. dxe5
dxe5 16. Rad1 Qe7 17. Bxf6 Qxf6 18. Ba4 Red8 19. Rd2 Rxd2 20. Nxd2 Qe6 21. Qd3
Qe7 22. Nb3 Rd8 23. Qe2 Nxb3 24. Bxb3 Qg5 25. Rd1 Rxd1+ 26. Bxd1 Qc1 27. Qd3
Bxe4 0-1

[Event "Saint Louis Open"]
[Site "?"]
[Date "2010.04.10"]
[Round "3"]
[White "Prather, Chris"]
[Black "Jung, Hans"]
[Result "1-0"]
[WhiteElo "1898"]
[BlackElo "2147"]
[PlyCount "35"]
[EventDate "2010.??.??"]
[SourceDate "2010.04.10"]

1. e4 c5 2. Nf3 e6 3. d4 cxd4 4. Nxd4 a6 5. Nc3 Qc7 6. Be2 Nc6 7. O-O Nf6 8.
Be3 Bb4 9. f3 Bxc3 10. bxc3 d5 11. Nxc6 Qxc6 12. e5 Nd7 13. Bd4 b5 14. f4 Nb6
15. Bd3 Na4 16. Qg4 g6 17. Rf3 Nxc3 18. Bxc3 1-0

[Event "Saint Louis Open"]
[Site "?"]
[Date "2010.04.10"]
[Round "3"]
[White "Vehyl, Stanley"]
[Black "Mclaughlin, Jim"]
[Result "0-1"]
[WhiteElo "709"]
[BlackElo "2124"]
[PlyCount "64"]
[EventDate "2010.??.??"]
[SourceDate "2010.04.10"]

1. e4 c5 2. Bc4 e6 3. d3 a6 4. Nf3 b5 5. Bxe6 dxe6 6. O-O Bb7 7. Nbd2 Nc6 8.
Qe2 Qc7 9. b3 Bd6 10. Bb2 e5 11. Rfc1 Nge7 12. Qe3 O-O 13. a4 Ng6 14. axb5 axb5
15. Rxa8 Bxa8 16. c4 b4 17. Qg5 Nf4 18. Nh4 Be7 19. Qg4 Bxh4 20. Qxh4 Ne2+ 21.
Kf1 Nxc1 22. Bxc1 Nd4 23. Qg4 Bc6 24. Qd1 Ra8 25. Bb2 Qe7 26. g3 Bd7 27. h4 Qe6
28. g4 Qxg4 29. Qxg4 Bxg4 30. Kg2 Ra2 31. Bc1 Rc2 32. Kg3 Be2 0-1

[Event "Saint Louis Open"]
[Site "?"]
[Date "2010.04.10"]
[Round "3"]
[White "Rhee, William W"]
[Black "Gaul, Tom"]
[Result "1-0"]
[WhiteElo "1995"]
[BlackElo "1787"]
[PlyCount "61"]
[EventDate "2010.??.??"]
[SourceDate "2010.04.10"]

1. Nf3 d5 2. d4 Nf6 3. c4 dxc4 4. e3 a6 5. Bxc4 e6 6. O-O b5 7. Bd3 Bb7 8. a4
b4 9. Qe2 Be7 10. Rd1 Nbd7 11. Nbd2 Qb8 12. Nc4 Be4 13. Nce5 Bd6 14. Nxf7 O-O
15. Nxd6 cxd6 16. Ng5 Qb7 17. Nxe4 Nxe4 18. f3 Nef6 19. e4 Nh5 20. Bc4 Rae8 21.
Bxa6 Qb6 22. Bb5 Qd8 23. Qe1 Nf4 24. Bxf4 Rxf4 25. Qxb4 Re7 26. Qxd6 Ref7 27.
Qxe6 Qg5 28. Bxd7 Rxf3 29. Rf1 Qe3+ 30. Kh1 Qxe4 31. Rxf3 1-0

[Event "Saint Louis Open"]
[Site "?"]
[Date "2010.04.10"]
[Round "3"]
[White "Steiner, Tim C"]
[Black "Tong, William"]
[Result "1-0"]
[WhiteElo "2077"]
[BlackElo "1877"]
[PlyCount "67"]
[EventDate "2010.??.??"]
[SourceDate "2010.04.10"]

1. d4 d5 2. c4 e6 3. Nc3 Nf6 4. cxd5 exd5 5. Bg5 c6 6. e3 Bd6 7. Bd3 O-O 8.
Nge2 Re8 9. Qc2 h6 10. Bh4 Nbd7 11. O-O-O Qc7 12. Kb1 b6 13. Rc1 Bb7 14. g4 a6
15. g5 hxg5 16. Bxg5 c5 17. Rhg1 c4 18. Bf5 b5 19. Nf4 Bxf4 20. Bxf4 Qb6 21.
Bh6 Nh5 22. Bxg7 Nxg7 23. Bxd7 Red8 24. Bg4 b4 25. Na4 Qf6 26. Rg3 Kf8 27. Rcg1
Ke7 28. Nc5 Bc6 29. Bh3 Ne6 30. Bxe6 fxe6 31. Rg7+ Kd6 32. R1g6 b3 33. axb3
cxb3 34. Nb7+ 1-0

[Event "Saint Louis Open"]
[Site "?"]
[Date "2010.04.10"]
[Round "1"]
[White "Smith, James Larkin"]
[Black "Mechem, Paul"]
[Result "0-1"]
[WhiteElo "1699"]
[BlackElo "2003"]
[PlyCount "100"]
[EventDate "2010.??.??"]
[SourceDate "2010.04.10"]

1. d4 Nf6 2. c4 d6 3. Nc3 Bf5 4. Bg5 Nbd7 5. e3 e5 6. Bd3 Bg6 7. Bxg6 hxg6 8.
d5 Be7 9. Nge2 Nh5 10. Bxe7 Qxe7 11. Qd2 Qh4 12. b3 Nc5 13. g3 Qg4 14. O-O-O
Nf6 15. Nb5 Nfe4 16. Qe1 Rc8 17. Ng1 a6 18. f3 Qd7 19. Nc3 Nxc3 20. Qxc3 b5 21.
Ne2 bxc4 22. Qxc4 O-O 23. Kd2 Qf5 24. Rhf1 Rb8 25. Nc3 a5 26. Nb5 Rb7 27. a4 e4
28. fxe4 Qh5 29. h4 Qe5 30. Rf4 Qb2+ 31. Ke1 Qg2 32. g4 Re8 33. Rd2 Qh1+ 34.
Rf1 Qxh4+ 35. Kd1 Rxe4 36. Rd4 Qxg4+ 37. Kc1 Rxd4 38. exd4 Qg5+ 39. Kb2 Qd2+
40. Ka1 Nd3 41. Rb1 Nb4 42. Rb2 Qe1+ 43. Rb1 Qf2 44. Rb2 Qg1+ 45. Rb1 Qg2 46.
Rb2 Qh1+ 47. Rb1 Qxd5 48. Qc3 c5 49. Re1 Rb8 50. Qg3 Nc2+ 0-1

[Event "Saint Louis Open"]
[Site "?"]
[Date "2010.04.10"]
[Round "1"]
[White "Johnson, Kevin Dale"]
[Black "Thompson, Bill"]
[Result "1-0"]
[WhiteElo "2000"]
[BlackElo "1696"]
[PlyCount "41"]
[EventDate "2010.??.??"]
[SourceDate "2010.04.10"]

1. d4 f5 2. e4 fxe4 3. Nc3 Nf6 4. Bg5 e6 5. Nxe4 Be7 6. Bxf6 Bxf6 7. g3 O-O 8.
Bg2 Nc6 9. Nf3 Rb8 10. O-O b5 11. d5 exd5 12. Qxd5+ Kh8 13. Rae1 Ne7 14. Qh5 g6
15. Qc5 d6 16. Qxa7 Nc6 17. Qe3 Bd7 18. Neg5 Ne5 19. h4 Kg7 20. Nd4 h6 21.
Nge6+ 1-0

[Event "Saint Louis Open"]
[Site "?"]
[Date "2010.04.10"]
[Round "3"]
[White "Schmidt, Brad"]
[Black "Davies, Jim"]
[Result "1-0"]
[WhiteElo "1802"]
[BlackElo "2008"]
[PlyCount "83"]
[EventDate "2010.??.??"]
[SourceDate "2010.04.10"]

1. e4 c5 2. Nf3 Nc6 3. d4 cxd4 4. Nxd4 Qb6 5. Nb3 e6 6. Be3 Qc7 7. g3 b6 8. Bg2
Ba6 9. N1d2 Rc8 10. c3 Ne5 11. Nc1 Nf6 12. Qa4 Bc4 13. f4 Nfg4 14. Bd4 Nd3+ 15.
Nxd3 Bxd3 16. h3 Nh6 17. Bf1 Bxf1 18. Rxf1 f6 19. O-O-O Be7 20. g4 Nf7 21. e5
O-O 22. exf6 gxf6 23. g5 f5 24. Rg1 Nh8 25. h4 Ng6 26. Rdf1 Nxf4 27. Kb1 Kf7
28. Nf3 Bd6 29. h5 Ne2 30. g6+ Ke7 31. g7 Rg8 32. h6 Nxg1 33. Bf6+ Ke8 34. Qh4
Be7 35. Qh5+ Kd8 36. Qf7 d6 37. Qxg8+ Kd7 38. Qf7 Qc4 39. Qxe7+ Kc6 40. Nd4+
Kc5 41. b4+ Kd5 42. Qxe6# 1-0

[Event "Saint Louis Open"]
[Site "?"]
[Date "2010.04.10"]
[Round "3"]
[White "Swinger, Nathan"]
[Black "Vergilesov, Alex"]
[Result "1-0"]
[WhiteElo "1980"]
[BlackElo "1846"]
[PlyCount "77"]
[EventDate "2010.??.??"]
[SourceDate "2010.04.10"]

1. e4 e5 2. Nf3 Nc6 3. Bc4 Nf6 4. d4 exd4 5. O-O Bb4 6. Nxd4 d6 7. Nxc6 bxc6 8.
e5 Ng4 9. e6 Ne5 10. exf7+ Nxf7 11. Bxf7+ Kxf7 12. Qf3+ Qf6 13. Qb3+ Be6 14.
Qxb4 Rab8 15. Qf4 Bf5 16. g4 Bxc2 17. Qxf6+ gxf6 18. Nc3 Rhg8 19. f3 f5 20. h3
h5 21. Kf2 fxg4 22. fxg4 Kg6 23. Kg3 Rge8 24. b3 d5 25. Rf2 Bd3 26. Rf3 Bc2 27.
Be3 hxg4 28. hxg4 Rbd8 29. Rc1 Bxb3 30. axb3 d4 31. Ne2 dxe3 32. Rxc6+ Kg7 33.
Rxc7+ Kg8 34. Rf4 Rd3 35. Rb7 a5 36. Rb5 Rc8 37. Kf3 Rc2 38. Re4 Rb2 39. Rxe3
1-0

[Event "Saint Louis Open"]
[Site "?"]
[Date "2010.04.10"]
[Round "3"]
[White "Hendrickson, Nolan"]
[Black "Smith, James Larkin"]
[Result "1-0"]
[WhiteElo "1907"]
[BlackElo "1699"]
[PlyCount "47"]
[EventDate "2010.??.??"]
[SourceDate "2010.04.10"]

1. e4 d5 2. exd5 Qxd5 3. Nc3 Qd6 4. b3 Nf6 5. g3 Bg4 6. Be2 Bxe2 7. Qxe2 a6 8.
Bb2 Nc6 9. Nf3 e6 10. O-O-O O-O-O 11. d4 h6 12. Ne5 Nxd4 13. Qe3 Qc5 14. Nxf7
Be7 15. Nxh8 Ng4 16. Qe1 Nxf2 17. Rxd4 Qxd4 18. Nf7 Nxh1 19. Nxd8 Bxd8 20. Qxh1
Bf6 21. Qe1 Bg5+ 22. Kb1 Bd2 23. Qxe6+ Kb8 24. Qe8+ 1-0

[Event "Saint Louis Open"]
[Site "?"]
[Date "2010.04.10"]
[Round "3"]
[White "Skidmore, Jennifer M"]
[Black "Lodge, Matt"]
[Result "1-0"]
[WhiteElo "1954"]
[BlackElo "1228"]
[PlyCount "61"]
[EventDate "2010.??.??"]
[SourceDate "2010.04.10"]

1. e4 e5 2. f4 exf4 3. Bc4 Qh4+ 4. Kf1 Bc5 5. d4 Bb6 6. Nf3 Qf6 7. c3 Nc6 8. e5
Qh6 9. h4 Nge7 10. Ng5 O-O 11. Bxf4 Ng6 12. Be3 Ngxe5 13. Bb3 d6 14. Bc2 Ng6
15. Qe1 Re8 16. Qf2 Nd8 17. Bd1 Rxe3 18. Qxe3 Bd7 19. Na3 Ne6 20. Nc4 Nxg5 21.
Qxg5 Qxg5 22. hxg5 Bb5 23. b3 d5 24. a4 dxc4 25. axb5 cxb3 26. Bxb3 Re8 27. Re1
Rxe1+ 28. Kxe1 Ba5 29. Kd2 Nf4 30. Re1 Kf8 31. Rf1 1-0

[Event "Saint Louis Open"]
[Site "?"]
[Date "2010.04.10"]
[Round "3"]
[White "Bartotto, Derrick"]
[Black "Parmet, Daniel"]
[Result "0-1"]
[WhiteElo "1614"]
[BlackElo "1954"]
[PlyCount "84"]
[EventDate "2010.??.??"]
[SourceDate "2010.04.10"]

1. e4 e5 2. f4 Bc5 3. Nf3 d6 4. c3 Nc6 5. Bb5 Nf6 6. fxe5 dxe5 7. d3 O-O 8. h3
Nh5 9. Bg5 f6 10. Bh4 Nf4 11. Qc2 a6 12. Bxc6 Nxd3+ 13. Kf1 bxc6 14. Nbd2 Be6
15. Rd1 Nf4 16. b3 Qe8 17. Bf2 Bxf2 18. Kxf2 Qg6 19. Nh4 Qg5 20. Ndf3 Qh5 21.
g3 Nxh3+ 22. Kg2 Ng5 23. Qf2 Nxe4 24. Qe3 Qg4 25. Nd2 Nxd2 26. Rxd2 Bd5+ 27.
Nf3 Bxf3+ 28. Qxf3 Qxf3+ 29. Kxf3 Rad8 30. Rhd1 Rxd2 31. Rxd2 g6 32. Rd7 Rf7
33. Rd8+ Kg7 34. Ra8 Rd7 35. Ke3 f5 36. Rxa6 g5 37. Rxc6 f4+ 38. gxf4 exf4+ 39.
Kf3 h5 40. a4 Rf7 41. a5 g4+ 42. Kg2 f3+ 0-1

[Event "Saint Louis Open"]
[Site "?"]
[Date "2010.04.10"]
[Round "3"]
[White "Noor, Taimoor"]
[Black "Veech, John"]
[Result "0-1"]
[WhiteElo "1876"]
[BlackElo "2052"]
[PlyCount "64"]
[EventDate "2010.??.??"]
[SourceDate "2010.04.10"]

1. e4 c5 2. Nf3 d6 3. d4 cxd4 4. Nxd4 Nf6 5. Nc3 a6 6. Bg5 e6 7. Qd2 h6 8. Be3
Ng4 9. O-O-O Nxe3 10. Qxe3 Be7 11. f4 b5 12. Nf3 Bb7 13. Kb1 Nd7 14. f5 Qb6 15.
Qf4 e5 16. Qd2 Rc8 17. Nd5 Bxd5 18. exd5 Nf6 19. Qb4 Rc5 20. c4 O-O 21. Nd2 Rb8
22. Nb3 Rc7 23. cxb5 axb5 24. Be2 Qf2 25. Bf3 Rc4 26. Qd2 Qb6 27. Rhe1 Nd7 28.
Na5 Bg5 29. Qd3 Qxa5 30. g3 Rbc8 31. b3 Rc3 32. Qe2 Qa3 0-1

[Event "Saint Louis Open"]
[Site "?"]
[Date "2010.04.10"]
[Round "3"]
[White "Ramirez, Alejandro"]
[Black "Cao, Kevin"]
[Result "1-0"]
[WhiteElo "2605"]
[BlackElo "2166"]
[PlyCount "85"]
[EventDate "2010.??.??"]
[SourceDate "2010.04.10"]

1. d4 d5 2. c4 e6 3. Nf3 Nf6 4. g3 Nbd7 5. Bg2 c6 6. Qc2 Bd6 7. O-O O-O 8. Nbd2
Re8 9. Re1 e5 10. cxd5 cxd5 11. dxe5 Nxe5 12. Nxe5 Bxe5 13. Nf3 Bd7 14. Nxe5
Rxe5 15. Bf4 Re8 16. Rad1 Bc6 17. Bg5 Rc8 18. Qf5 h6 19. Bxf6 Qxf6 20. Qxf6
gxf6 21. e3 Rcd8 22. Rd4 Rd7 23. Red1 Red8 24. Bh3 Rd6 25. e4 Kg7 26. Bg2 b6
27. exd5 Bb7 28. Bf3 f5 29. Rf4 Kg6 30. h4 R6d7 31. Ra4 a5 32. Rad4 Kf6 33. Kg2
Ke5 34. d6 Bxf3+ 35. Kxf3 Rxd6 36. Rxd6 Rxd6 37. Rxd6 Kxd6 38. Kf4 Ke6 39. a4
Kf6 40. h5 Ke6 41. f3 Kf6 42. g4 Ke6 43. g5 1-0

[Event "Saint Louis Open"]
[Site "?"]
[Date "2010.04.10"]
[Round "3"]
[White "Holliman, Bob"]
[Black "Kovalic, Jeffrey"]
[Result "1-0"]
[WhiteElo "2202"]
[BlackElo "1936"]
[PlyCount "89"]
[EventDate "2010.??.??"]
[SourceDate "2010.04.10"]

1. c4 c5 2. g3 Nc6 3. Bg2 g6 4. a3 Bg7 5. Nc3 e5 6. d3 Nge7 7. Be3 d6 8. Rb1 a5
9. Qd2 Nf5 10. Nf3 O-O 11. h4 Nxe3 12. Qxe3 Bg4 13. Nh2 Be6 14. O-O Rb8 15. Bd5
Bxd5 16. Nxd5 b5 17. b3 b4 18. a4 Ne7 19. Nf3 Nxd5 20. cxd5 Qe7 21. Qg5 f6 22.
Qe3 f5 23. Nd2 Rbe8 24. Nc4 Qd8 25. Qf3 e4 26. dxe4 Rxe4 27. e3 Rfe8 28. Kg2 h5
29. Qd1 Bc3 30. Qd3 Kh7 31. Rbc1 Bf6 32. Rh1 Bg7 33. Nd2 R4e7 34. Qa6 Re5 35.
Nf3 R5e7 36. Ng5+ Kg8 37. Rhd1 Bf6 38. Ne6 Rxe6 39. dxe6 Rxe6 40. Rxc5 Re8 41.
Qxd6 Qxd6 42. Rxd6 Be7 43. Rxg6+ Kf7 44. Rcc6 Rd8 45. Rh6 1-0

[Event "Saint Louis Open"]
[Site "?"]
[Date "2010.04.10"]
[Round "1"]
[White "Phillips, Daymion"]
[Black "Smith, Frank H"]
[Result "0-1"]
[WhiteElo "1493"]
[BlackElo "1962"]
[PlyCount "34"]
[EventDate "2010.??.??"]
[SourceDate "2010.04.10"]

1. e4 c5 2. Nc3 d6 3. f4 Nc6 4. Nf3 g6 5. Bb5 Bd7 6. O-O a6 7. Bc4 b5 8. Bd5 e6
9. Bxc6 Bxc6 10. d3 Ne7 11. Qe1 Bg7 12. Rb1 b4 13. Ne2 O-O 14. Qh4 d5 15. Ne5
dxe4 16. Nxc6 Nxc6 17. dxe4 Qxh4 0-1

[Event "Saint Louis Open"]
[Site "?"]
[Date "2010.04.10"]
[Round "1"]
[White "Gadson, Isaiah"]
[Black "Bartotto, Derrick"]
[Result "0-1"]
[WhiteElo "1963"]
[BlackElo "1614"]
[PlyCount "56"]
[EventDate "2010.??.??"]
[SourceDate "2010.04.10"]

1. d4 d5 2. Nf3 Nf6 3. Bf4 e6 4. e3 c5 5. c3 Nc6 6. Bd3 cxd4 7. exd4 Bd6 8. Bg3
O-O 9. Nbd2 Re8 10. O-O e5 11. dxe5 Nxe5 12. Nxe5 Bxe5 13. Nf3 Bg4 14. Be2 Bxg3
15. hxg3 Qb6 16. Qc2 Ne4 17. Nd4 Bxe2 18. Nxe2 Rac8 19. Rad1 Re5 20. Rd4 Nf6
21. Rfd1 Rce8 22. Nf4 Re1+ 23. Rxe1 Rxe1+ 24. Kh2 Ng4+ 25. Kh3 f5 26. Qxf5
Nxf2+ 27. Kh4 Rh1+ 28. Nh3 Qh6+ 0-1

[Event "Saint Louis Open"]
[Site "?"]
[Date "2010.04.10"]
[Round "3"]
[White "Abrahamyan, Tatev"]
[Black "Johnson, Kevin Dale"]
[Result "1-0"]
[WhiteElo "2369"]
[BlackElo "2000"]
[PlyCount "63"]
[EventDate "2010.??.??"]
[SourceDate "2010.04.10"]

1. e4 c5 2. Nf3 Nc6 3. d4 cxd4 4. Nxd4 g6 5. Nc3 Bg7 6. Be3 Nf6 7. Bc4 O-O 8.
Bb3 d6 9. f3 Bd7 10. Qd2 Nxd4 11. Bxd4 b5 12. Nd5 Nxd5 13. Bxg7 Kxg7 14. Bxd5
Rc8 15. O-O-O a5 16. a3 Qc7 17. Bb3 Be6 18. Kb1 Bc4 19. g4 h6 20. h4 a4 21.
Bxc4 bxc4 22. Qc3+ Kh7 23. f4 f6 24. g5 fxg5 25. hxg5 h5 26. f5 Qd7 27. Rh2 Rh8
28. Rdh1 e5 29. Qf3 Rcf8 30. Rxh5+ gxh5 31. Qxh5+ Kg7 32. f6+ 1-0

[Event "Saint Louis Open"]
[Site "?"]
[Date "2010.04.10"]
[Round "3"]
[White "Karlow, Nick"]
[Black "Giminez, Randy"]
[Result "1-0"]
[WhiteElo "2083"]
[BlackElo "1800"]
[PlyCount "79"]
[EventDate "2010.??.??"]
[SourceDate "2010.04.10"]

1. Nf3 d6 2. d4 Nd7 3. e4 h6 4. Be2 e5 5. c4 Ngf6 6. Nc3 Be7 7. O-O c6 8. Be3
Qc7 9. Rc1 Nf8 10. b4 g5 11. c5 Ng6 12. cxd6 Qxd6 13. dxe5 Qxd1 14. Rfxd1 Nh5
15. b5 Nhf4 16. Bf1 Bg4 17. bxc6 bxc6 18. Ne2 Nxe2+ 19. Bxe2 Bxf3 20. Bxf3 Nxe5
21. Be2 Rc8 22. Rd5 Ng6 23. Rxc6 Rxc6 24. Bb5 O-O 25. Bxc6 Rc8 26. Ba4 Bd8 27.
f3 Bb6 28. Bxb6 axb6 29. Bb3 Nf4 30. Rd6 b5 31. g3 Ne2+ 32. Kf2 Nc1 33. Rd5 b4
34. Rb5 Rc3 35. Bd5 Rc2+ 36. Ke3 Nxa2 37. Rb7 Nc3 38. Bxf7+ Kf8 39. Bb3 Re2+
40. Kd4 1-0

[Event "Saint Louis Open"]
[Site "?"]
[Date "2010.04.10"]
[Round "3"]
[White "Humphries, Dennis"]
[Black "Smith, Frank H"]
[Result "0-1"]
[WhiteElo "1700"]
[BlackElo "1962"]
[PlyCount "111"]
[EventDate "2010.??.??"]
[SourceDate "2010.04.10"]

1. e4 c5 2. Nf3 d6 3. d4 cxd4 4. Nxd4 Nf6 5. Nc3 a6 6. Be2 e5 7. Nb3 Be7 8. O-O
O-O 9. Be3 Be6 10. f4 Qc7 11. f5 Bc4 12. h3 b5 13. Bxc4 bxc4 14. Nd2 Nbd7 15.
g4 Nb6 16. g5 Nfd7 17. Kh1 Rfd8 18. Qg4 Nc5 19. f6 Bf8 20. h4 d5 21. exd5 Nxd5
22. Nxd5 Rxd5 23. Nxc4 Qb7 24. Qg2 Rad8 25. b3 g6 26. Rae1 Qc7 27. Qh2 a5 28.
Bg1 a4 29. h5 Qb7 30. Qg2 axb3 31. axb3 Qc7 32. hxg6 fxg6 33. Bh2 Qf7 34. Bxe5
Ne6 35. Bf4 Nxf4 36. Rxf4 Qc7 37. Rfe4 Bb4 38. Re8+ Kf7 39. Rxd8 Rxd8 40. Rf1
Rd7 41. Qe4 Bc3 42. Qf3 Bd2 43. Rd1 Bc3 44. Rxd7+ Qxd7 45. Qxc3 Qd1+ 46. Kg2
Qg4+ 47. Kf2 Qxg5 48. Ne5+ Ke6 49. f7 Qf5+ 50. Ke2 Qe4+ 51. Kd2 Qf4+ 52. Qe3
Qb4+ 53. Ke2 Qb5+ 54. c4 Qb4 55. f8=Q Qxf8 56. Nxg6+ 0-1

[Event "Saint Louis Open"]
[Site "?"]
[Date "2010.04.10"]
[Round "3"]
[White "Phillips, Daymion"]
[Black "Cheng, Tony"]
[Result "0-1"]
[WhiteElo "1493"]
[BlackElo "1853"]
[PlyCount "142"]
[EventDate "2010.??.??"]
[SourceDate "2010.04.10"]

1. e4 c5 2. Nc3 Nc6 3. f4 g6 4. Nf3 Bg7 5. Bb5 a6 6. Bxc6 bxc6 7. O-O Nf6 8. d3
d5 9. Qe1 O-O 10. Qh4 Qb6 11. Kh1 c4 12. Na4 Qa7 13. e5 Ng4 14. d4 Nh6 15. Nc5
Nf5 16. Qf2 a5 17. g4 Nh6 18. h3 f5 19. exf6 exf6 20. c3 Nf7 21. f5 gxf5 22.
gxf5 Bxf5 23. Qg3 Qb8 24. Qg2 Qc8 25. Ng1 Nd6 26. Bh6 Ra7 27. Rf3 Kh8 28. Bf4
Ne4 29. Rff1 Nxc5 30. dxc5 Be4 31. Nf3 Rg8 32. Kh2 Qf5 33. Qg4 Qxg4 34. hxg4
Bf8 35. Bd6 Bxd6+ 36. cxd6 Rxg4 37. Nd4 Rg2+ 38. Kh3 Rag7 39. Rxf6 R7g3+ 40.
Kh4 Rg4+ 41. Kh3 R2g3+ 42. Kh2 Bg2 43. Rh6 Be4 44. Rf1 Rg2+ 45. Kh3 Rg6 46.
Rxg6 Rxg6 47. d7 Rg8 48. Rf7 Bg6 49. Re7 Rd8 50. Nxc6 Bf5+ 51. Kh4 Rxd7 52.
Rxd7 Bxd7 53. Nxa5 Kg7 54. Nb7 Kf7 55. Nc5 Bc6 56. Kh5 Ke7 57. a4 Kd6 58. Na6
Bxa4 59. Nb4 Kc5 60. Na6+ Kb6 61. Nb8 Kb7 62. Kh6 Kxb8 63. Kxh7 Kc7 64. Kg6 Kd6
65. Kf5 Kc5 66. Kf4 d4 67. Kf3 d3 68. Ke3 Bb3 69. Kd2 Kd5 70. Ke3 Ke5 71. Kf3
d2 0-1

[Event "Saint Louis Open"]
[Site "?"]
[Date "2010.04.10"]
[Round "3"]
[White "Hall, Bill"]
[Black "Wood, Chris"]
[Result "0-1"]
[WhiteElo "2095"]
[BlackElo "1930"]
[PlyCount "97"]
[EventDate "2010.??.??"]
[SourceDate "2010.04.10"]

1. Nf3 d5 2. c4 c6 3. b3 Nf6 4. Bb2 e6 5. e3 Nbd7 6. Be2 Bd6 7. d4 O-O 8. O-O
Ne4 9. Nc3 f5 10. Ne5 Nxe5 11. Nxe4 Nf3+ 12. Bxf3 fxe4 13. Bg4 Qe7 14. f4 exf3
15. Rxf3 Bd7 16. Qe2 Rxf3 17. gxf3 Be8 18. Kh1 Bg6 19. Rg1 Re8 20. c5 Bc7 21.
f4 Rf8 22. Rg3 Be4+ 23. Kg1 Kh8 24. Bc3 g5 25. Be1 gxf4 26. Rh3 Qg7 27. exf4
Bxf4 28. Bf2 Rg8 29. Rh4 Bg5 30. Rh5 Bf6 31. h3 Bg6 32. Kf1 Bxd4 33. Bxd4 Qxd4
34. Qe5+ Qxe5 35. Rxe5 Re8 36. Rxe6 Rxe6 37. Bxe6 b6 38. b4 Bd3+ 39. Kf2 Kg7
40. a4 bxc5 41. bxc5 Kf6 42. Bd7 Ke5 43. Ke3 Bf1 44. h4 d4+ 45. Kf2 Bc4 46.
Bxc6 Bd5 47. Bd7 a5 48. Be8 Bb3 49. Ke2 0-1

[Event "Saint Louis Open"]
[Site "?"]
[Date "2010.04.11"]
[Round "3"]
[White "Gadson, Isaiah"]
[Black "Coryea, Dan"]
[Result "1-0"]
[WhiteElo "1963"]
[BlackElo "1800"]
[PlyCount "112"]
[EventDate "2010.??.??"]
[SourceDate "2010.04.10"]

1. d4 d5 2. Nf3 Nf6 3. e3 Bf5 4. Bd3 Bxd3 5. Qxd3 c6 6. O-O Nbd7 7. b3 e6 8. c4
Bd6 9. Bb2 O-O 10. Nbd2 Qe7 11. e4 dxe4 12. Nxe4 Nxe4 13. Qxe4 f5 14. Qe2 Rf6
15. Rfe1 Rh6 16. Bc1 f4 17. Qe4 Rf8 18. Bd2 Rf5 19. c5 Qf7 20. cxd6 g5 21. h3
Qh5 22. Nh2 Qf7 23. a4 Rg6 24. f3 h5 25. b4 Nb6 26. Qd3 Nc8 27. Re5 Nxd6 28.
Rae1 Qd7 29. Qb3 Rff6 30. Bc3 Nf5 31. R5e4 Ng3 32. Re5 Nf5 33. Qd1 Ne3 34. Qe2
Nd5 35. Qd3 Kf7 36. Nf1 Kg7 37. Nh2 Qd6 38. Qc4 Rf7 39. Bd2 Rd7 40. Qc5 Nb6 41.
a5 Qxc5 42. bxc5 Nc4 43. R5e2 Kf7 44. Bc3 Ne3 45. Nf1 Nd5 46. Bb2 g4 47. fxg4
hxg4 48. hxg4 Rxg4 49. Rxe6 Rd8 50. R6e4 Rdg8 51. g3 R4g6 52. Bc1 fxg3 53. Kg2
Rf6 54. Nxg3 Rg7 55. Bd2 Rfg6 56. Rf1+ Nf6 1-0

[Event "Saint Louis Open"]
[Site "?"]
[Date "2010.04.11"]
[Round "3"]
[White "Ding, Jialin"]
[Black "Miles, Kyle"]
[Result "1-0"]
[WhiteElo "2047"]
[BlackElo "1874"]
[PlyCount "145"]
[EventDate "2010.??.??"]
[SourceDate "2010.04.10"]

1. e4 e6 2. d4 d5 3. Nc3 Nf6 4. Bg5 Bb4 5. e5 h6 6. exf6 hxg5 7. fxg7 Rg8 8.
Nge2 Qf6 9. Qd3 Bd7 10. a3 Ba5 11. O-O-O Na6 12. g3 O-O-O 13. Bg2 c5 14. Rhf1
Kb8 15. dxc5 Nxc5 16. Qd4 Qxd4 17. Rxd4 Bb6 18. Rdd1 Bc6 19. Nd4 Rxg7 20. Nxc6+
bxc6 21. b4 Nd7 22. h3 Ne5 23. Na4 Nc4 24. Nxb6 axb6 25. Rd3 e5 26. Rfd1 Kc7
27. b5 f5 28. bxc6 e4 29. Rxd5 Rxd5 30. Rxd5 Rf7 31. Bf1 Nd6 32. Bb5 Nxb5 33.
Rxb5 Kxc6 34. Re5 Kd6 35. Re8 Rh7 36. Rg8 Rxh3 37. Rxg5 f4 38. gxf4 Rxa3 39.
Re5 Rf3 40. Rxe4 Rxf2 41. Kb2 Kd5 42. Rb4 Kc5 43. Kb3 b5 44. Re4 Rf1 45. Kc3
b4+ 46. Kd3 Rf3+ 47. Kd2 Rf2+ 48. Kd3 Rf3+ 49. Ke2 Rc3 50. Kd2 Rf3 51. Ke1 Rc3
52. Re2 b3 53. cxb3 Rxb3 54. Kf2 Kd6 55. Re5 Rb2+ 56. Kg3 Rb1 57. Kg4 Rh1 58.
Re2 Rh8 59. Kg5 Rg8+ 60. Kf6 Ra8 61. f5 Ra1 62. Kf7 Ra7+ 63. Kg6 Ra1 64. f6
Rg1+ 65. Kf7 Rf1 66. Kg7 Rg1+ 67. Kf8 Rf1 68. f7 Kd7 69. Rd2+ Kc6 70. Rd4 Rf2
71. Kg7 Rg2+ 72. Kf6 Rh2 73. f8=Q 1-0

[Event "Saint Louis Open"]
[Site "?"]
[Date "2010.04.11"]
[Round "3"]
[White "Vibbert, Sean"]
[Black "Krush, Irina"]
[Result "0-1"]
[WhiteElo "2110"]
[BlackElo "2500"]
[PlyCount "120"]
[EventDate "2010.??.??"]
[SourceDate "2010.04.10"]

1. e4 c5 2. Nf3 a6 3. c3 d5 4. exd5 Qxd5 5. d4 Nf6 6. Be2 e6 7. O-O Be7 8. c4
Qd6 9. b3 b6 10. dxc5 Qxc5 11. Ba3 Qc7 12. Bxe7 Kxe7 13. a4 Rd8 14. Qc1 Nc6 15.
Nc3 Bb7 16. Qe3 h6 17. h3 Nb4 18. Rad1 Qc5 19. Ne5 Qxe3 20. fxe3 a5 21. Bf3
Bxf3 22. gxf3 Nd7 23. Nxd7 Rxd7 24. Rxd7+ Kxd7 25. Rd1+ Ke7 26. Kf2 g5 27. Ke2
Na6 28. Nb5 Rd8 29. Rxd8 Kxd8 30. Kd2 Kd7 31. Kc3 f5 32. Nd4 h5 33. Ne2 h4 34.
Kd4 Kd6 35. e4 Nc5 36. e5+ Ke7 37. Kc3 Na6 38. Kd4 Kd7 39. Ke3 Nb4 40. f4 g4
41. hxg4 fxg4 42. Ke4 Na6 43. f5 Nc5+ 44. Kf4 exf5 45. Kxf5 h3 46. Kxg4 h2 47.
Ng3 Ke6 48. Kh3 Kxe5 49. Kxh2 Nxb3 50. Ne2 Nc5 51. Kg2 Ke4 52. Kf1 Kd3 53. Nf4+
Kxc4 54. Ke2 Nxa4 55. Kd2 b5 56. Ng2 Kb3 57. Kc1 Nc3 58. Ne3 b4 59. Nf1 Ka2 60.
Kc2 Nb5 0-1

[Event "Saint Louis Open"]
[Site "?"]
[Date "2010.04.11"]
[Round "3"]
[White "Gurevich, Dmitry"]
[Black "Inskeep, Ben"]
[Result "1-0"]
[WhiteElo "2514"]
[BlackElo "2147"]
[PlyCount "81"]
[EventDate "2010.??.??"]
[SourceDate "2010.04.10"]

1. d4 d5 2. c4 dxc4 3. Nf3 Nf6 4. e3 e6 5. Bxc4 c5 6. O-O a6 7. Bb3 Nc6 8. Qe2
cxd4 9. Rd1 Be7 10. exd4 O-O 11. Nc3 Bd7 12. d5 exd5 13. Nxd5 Nxd5 14. Bxd5 Qc7
15. Bg5 Rae8 16. Qc4 h6 17. Bf4 Qc8 18. Rac1 Bf6 19. Bd6 Be7 20. Qf4 Bxd6 21.
Qxd6 Be6 22. Bxc6 Rd8 23. Bxb7 Rxd6 24. Bxc8 Rxd1+ 25. Rxd1 Rxc8 26. b3 Rc2 27.
Ra1 Bd5 28. h3 Kf8 29. Kf1 g6 30. Ne5 h5 31. h4 Ke7 32. Nd3 Rd2 33. Nf4 Kd6 34.
Ke1 Rd4 35. Nxd5 Kxd5 36. Rd1 Kc5 37. Rxd4 Kxd4 38. Kd2 a5 39. a4 Kc5 40. Kc3
f6 41. f4 1-0